Ballon d'Or - classement 2003 - Statistiques

Statistiques générales
  • Ce quiz a été pris 95 fois
  • Le résultat moyen est 18 sur 26
Statistiques - réponses
Poste Club Nationalité Rang Réponse % Correct
Milieu Real Madrid France 5 Zinédine Zidane
99%
Défenseur Milan AC Italie 3 Paolo Maldini
98%
Attaquant Arsenal France 2 Thierry Henry
98%
Gardien Juventus Italie 9 Gianluigi Buffon
96%
Milieu Juventus République Tchèque 1 Pavel Nedvěd
96%
Attaquant Milan AC Ukraine 4 Andriy Chevtchenko
94%
Attaquant Real Madrid Espagne 7 Raúl
92%
Attaquant Real Madrid Brésil 11 Ronaldo
91%
Milieu Real Madrid Angleterre 10 David Beckham
89%
Défenseur Real Madrid Brésil 8 Roberto Carlos
89%
Attaquant Ajax Amsterdam Suède 21 Zlatan Ibrahimović
82%
Attaquant Manchester United Pays-Bas 6 Ruud van Nistelrooy
80%
Gardien Milan AC Brésil 15 Dida
79%
Attaquant AS Rome Italie 19 Francesco Totti
78%
Attaquant Juventus Italie 14 Alessandro Del Piero
72%
Milieu FC Porto Portugal 13 Deco
72%
Défenseur Milan AC Italie 17 Alessandro Nesta
69%
Attaquant Celtic Glasgow Suède 12 Henrik Larsson
67%
Milieu FC Barcelone Brésil 25 Ronaldinho
65%
Attaquant Milan AC Italie 22 Filippo Inzaghi
61%
Milieu Bayern Munich Allemagne 20 Michael Ballack
55%
Attaquant Bayern Munich Pays-Bas 16 Roy Makaay
27%
Attaquant Chelsea Roumanie 24 Adrian Mutu
25%
Attaquant Borussia Dortmund République Tchèque 23 Jan Koller
21%
Gardien Inter Milan Italie 26 Francesco Toldo
20%
Attaquant Real Sociedad Turquie 18 Nihat Kahveci
3%
Aucun quiz correspondant
Distribution des résultats
% des personnes avec chaque résultat
Percentile par nombre de réponses
Votre historique - résultats
Vous n’avez pas pris ce quiz